Zákon o verejnom obstarávaní

Výnimky zo zákona o verejnom obstarávaní upravujú situácie, v ktorých nie je potrebné aplikovať postupy verejného obstarávania. Zákazku tak možno zadať priamo vybranému hospodárskemu subjektu, podnikateľovi, bez realizácie súťaže. Novelou účinnou od 1. 8. 2024 je možné priamo zadať aj podlimitnú zák...

ver descrição completa

Na minha lista:
Detalhes bibliográficos
Autor principal: Zachar, Juraj
Formato: Capítulo de Livro
Idioma:eslovaco
Assuntos:
Tags: Adicionar Tag
Sem tags, seja o primeiro a adicionar uma tag!

MARC

LEADER 00000naa a2200000 4500
001 0308785
005 20250528133701.4
041 0 |a slo 
044 |a SK 
245 1 0 |a Zákon o verejnom obstarávaní  |c Juraj Zachar 
520 |a Výnimky zo zákona o verejnom obstarávaní upravujú situácie, v ktorých nie je potrebné aplikovať postupy verejného obstarávania. Zákazku tak možno zadať priamo vybranému hospodárskemu subjektu, podnikateľovi, bez realizácie súťaže. Novelou účinnou od 1. 8. 2024 je možné priamo zadať aj podlimitnú zákazku na vytvorenie a dodanie výsledkov vlastnej tvorivej duševnej činnosti, ktorej výsledkom je audiovizuálne dielo, dodanie potravín, ktorých odberateľom je zariadenie školského stravovania alebo účelové zariadenie vysokej školy, ktoré poskytuje stravovanie, potravín určených na stravovanie v rámci poskytovanej sociálnej služby, ktorú zadáva vyšší územný celok, obec alebo poskytovateľ sociálnej služby, tvorbu a vydanie učebníc, učebných textov a pracovných zošitov alebo nákup učebníc, učebných textov a pracovných zošitov, ktorú zadáva škola. Zmena limitov určujúcich postupy verejného obstarávania prinesie výrazné celkové zjednodušenie verejného obstarávania. V súvislosti so zmenou limitov totiž prichádza aj zmena v postupoch aplikovaných na obstarávanie tovarov, služieb a stavebných prác. 
610 2 0 |a legislatíva 
610 2 0 |a obstarávanie verejné 
610 2 0 |a subjekty hospodárske 
610 2 0 |a zákazky 
610 2 0 |a úpravy právne 
610 2 0 |a financovanie 
100 1 |a Zachar, Juraj